Distributed cognitions : psychological and educational considerations (Record no. 151724)

MARC details
000 -LEADER
fixed length control field 00770nam a2200229Ia 4500
008 - FIXED-LENGTH DATA ELEMENTS--GENERAL INFORMATION
fixed length control field 191130s1997##################000#0#eng##
020 ## - INTERNATIONAL STANDARD BOOK NUMBER
ISBN 9780521574235
082 ## - DEWEY DECIMAL CLASSIFICATION NUMBER
Classification number 153 SAL
245 ## - TITLE STATEMENT
Title Distributed cognitions : psychological and educational considerations
Statement of responsibility, etc edited by Gavriel Salomon
250 ## - EDITION STATEMENT
Edition statement 1st pbk. ed
260 ## - PUBLICATION, DISTRIBUTION, ETC. (IMPRINT)
Place of publication Cambridge
Name of publisher Cambridge University Press
Year of publication 1997
300 ## - PHYSICAL DESCRIPTION
Number of Pages xxi, 275 p. : ill. ; 23 cm
500 ## - GENERAL NOTE
General note Originally published: 1993. Includes bibliographical references and index
650 ## - SUBJECT ADDED ENTRY--TOPICAL TERM
Topical Term Distributed cognition
Topical Term Learning, Psychology of - Social aspects
700 ## - ADDED ENTRY--PERSONAL NAME
Personal name Salomon, Gavriel
991 ## -
-- 214367
Holdings
Withdrawn status Lost status Damaged status Not for loan Home library Current library Shelving location Date acquired Full call number Accession Number Price effective from Koha item type
        Anna Centenary Library Anna Centenary Library 3RD FLOOR, A WING 12.10.2020 153 SAL 97627 12.10.2020 English Books

Find us on the map